000 00636nam a2200205Ia 4500
003 GCL
008 140319s9999 xx 000 0 ara d
040 _aGCL /
_cGCL
082 0 4 _a840.9
_bب م
100 1 _aنجيب المانع
245 1 0 _aمارسيل بروست والتخلص من الزمن /
_cنجيب المانع
700 1 _aبريه، جيرمين
300 _a307 ص
490 _a
650 0 4 _aالادب الفرنسى - تاريخ ونقد
650 0 4 _aبروست , مارسيل
650 0 4 _aالقصص القرآنية
650 0 4 _aالقصص الفرنسية - تاريخ ونقد
942 _2ddc
_cBK
999 _c40051
_d40051